Top 15 US Importer Countries - Statistics

General Stats
  • This quiz has been taken 37 times
  • The average score is 13 of 15
Answer Stats
US Imports/year Country % Correct
$44,808,000,000 Brazil
100%
$352,843,000,000 Canada
100%
$147,806,000,000 China
100%
$76,699,000,000 Germany
100%
$76,165,000,000 Japan
100%
$323,228,000,000 Mexico
100%
$74,090,000,000 United Kingdom
100%
$44,257,000,000 France
97%
$64,836,000,000 South Korea
97%
$33,678,000,000 Australia
94%
$40,117,000,000 India
86%
$82,189,000,000 Netherlands
67%
$39,776,000,000 Taiwan
67%
$38,829,000,000 Belgium
61%
$42,447,000,000 Singapore
56%
No matching quizzes found
Score Distribution
Percent of People with Each Score
Percentile by Number Answered
Your Score History
You have not taken this quiz